000 00336nam a2200133Ia 4500
008 240624s9999 xx 000 0 und d
041 _aeng
082 _a330.16 CHO
100 _aCHOPRA DEEPAK
245 _aCREATING AFFLUENCE WEALTH CONSCIOUSNESS
260 _c2000
_aNew Delhi
_bExcel Books
300 _a101 : p. ; 18cm.
365 _cRS
999 _c2470
_d2470